[Event "Hajduszoboszlo op 2nd"]
[Site "Hajduszoboszlo"]
[Date "2024.02.10"]
[Round "5"]
[White "Somogyi, Gabor"]
[Black "Balazs, Marcell"]
[Result "1/2-1/2"]
[WhiteElo "1854"]
[BlackElo "1935"]
[PlyCount "49"]
[EventDate "2024.02.08"]
[EventType "swiss"]
[EventRounds "7"]
[EventCountry "HUN"]
[SourceTitle "CB08_2024"]
[SourceDate "2024.02.21"]
[SourceVersion "1"]
[SourceVersionDate "2024.02.21"]
[SourceQuality "1"]

1. d4 d5 2. Nf3 Nf6 3. c4 e6 4. Nc3 c6 5. cxd5 exd5 6. Bg5 h6 7. Bxf6 Qxf6 8. e3 Bd6 9. Qc2 a5 10. Nxd5 Qd8 11. Nc3 0-0 12. Bd3 Na6 13. a3 Bg4 14. Ne4 Be7 15. Ne5 Be6 16. 0-0 Nc7 17. Nc5 Bc8 18. Rac1 Nd5 19. Be4 Nf6 20. Bf3 Qc7 21. h3 Bd6 22. Nc4 Be7 23. Ne5 Bd6 24. Nc4 Be7 25. Ne5 1/2-1/2

[Event "Hajduszoboszlo op 2nd"]
[Site "Hajduszoboszlo"]
[Date "2024.02.10"]
[Round "4"]
[White "Somogyi, Gabor"]
[Black "Tamas, Kornel"]
[Result "0-1"]
[WhiteElo "1854"]
[BlackElo "2008"]
[PlyCount "96"]
[EventDate "2024.02.08"]
[EventType "swiss"]
[EventRounds "7"]
[EventCountry "HUN"]
[SourceTitle "CB08_2024"]
[SourceDate "2024.02.21"]
[SourceVersion "1"]
[SourceVersionDate "2024.02.21"]
[SourceQuality "1"]

1. d4 d5 2. Nf3 Nf6 3. c4 e6 4. Nc3 Be7 5. Bg5 Nbd7 6. e3 0-0 7. cxd5 exd5 8. Bd3 h6 9. Bh4 c6 10. 0-0 Ne4 11. Bxe7 Qxe7 12. Qc2 Ndf6 13. Ne5 Nd6 14. Rfe1 Ng4 15. Nxg4 Bxg4 16. Ne2 Bxe2 17. Rxe2 f5 18. Rc1 Rae8 19. b4 Qf6 20. g3 Qe6 21. a4 a6 22. Qb2 Nc4 23. Bxc4 dxc4 24. b5 f4 25. gxf4 Qh3 26. bxc6 Re6 27. Qc2 Rff6 28. f5 Rxf5 29. f4 Rxc6 30. Qe4 Rg6+ 31. Kh1 b5 32. axb5 axb5 33. Rg1 Rxg1+ 34. Kxg1 Qh5 35. Rg2 Qf7 36. Ra2 Kh7 37. Kh1 Qd5 38. Qxd5 Rxd5 39. Rb2 g5 40. Kg2 gxf4 41. Kf3 fxe3 42. Kxe3 Rh5 43. Ke4 Rh4+ 44. Ke5 Rh3 45. d5 Rb3 46. Rc2 Re3+ 47. Kd4 Rd3+ 48. Kc5 c3 0-1

[Event "OP-2023-0-05377"]
[Site "LSS email"]
[Date "2023.02.11"]
[Round "?"]
[White "Cleto Junior, Dirceu"]
[Black "Somogyi, Gabor"]
[Result "1/2-1/2"]
[WhiteElo "1783"]
[BlackElo "1996"]
[PlyCount "65"]
[EventDate "2023.02.03"]
[EventType "tourn (corr)"]
[EventRounds "4"]
[EventCountry "GER"]
[SourceTitle "Corr 2024"]
[Source "ChessBase"]
[SourceDate "2023.10.19"]
[SourceVersion "1"]
[SourceVersionDate "2023.10.19"]
[SourceQuality "1"]

1. e4 e5 2. Nf3 Nc6 3. Bb5 a6 4. Ba4 Nf6 5. 0-0 Nxe4 6. d4 b5 7. Bb3 d5 8. dxe5 Be6 9. Nbd2 Nc5 10. c3 Be7 11. Bc2 d4 12. Nb3 d3 13. Bb1 Nxb3 14. axb3 Bf5 15. b4 Qd7 16. h3 0-0 17. Bf4 Bg6 18. Bg3 Rfd8 19. Re1 a5 20. bxa5 Rxa5 21. Rxa5 Nxa5 22. e6 fxe6 23. Ne5 Qd5 24. Nxg6 hxg6 25. Bxc7 d2 26. Rf1 Nc4 27. Bxd8 Nxb2 28. Qg4 Bxd8 29. Qxg6 Kf8 30. Be4 d1Q 31. Bxd5 Qxd5 32. Qc2 Na4 33. Rd1 1/2-1/2

[Event "OP-2023-0-05377"]
[Site "LSS email"]
[Date "2023.02.11"]
[Round "?"]
[White "Quimtero, Raul"]
[Black "Somogyi, Gabor"]
[Result "1/2-1/2"]
[WhiteElo "2022"]
[BlackElo "1996"]
[PlyCount "99"]
[EventDate "2023.02.03"]
[EventType "tourn (corr)"]
[EventRounds "4"]
[EventCountry "GER"]
[SourceTitle "Corr 2024"]
[Source "ChessBase"]
[SourceDate "2023.10.19"]
[SourceVersion "1"]
[SourceVersionDate "2023.10.19"]
[SourceQuality "1"]

1. Nf3 d5 2. b4 Nf6 3. Bb2 Bg4 4. e3 e6 5. a3 Bd6 6. c4 c6 7. Be2 Nbd7 8. c5 Bc7 9. h3 Bxf3 10. Bxf3 Qe7 11. d3 b6 12. d4 0-0 13. Qc2 bxc5 14. bxc5 e5 15. Nd2 e4 16. Be2 a5 17. Bc3 h5 18. Rb1 Ra7 19. Rb2 Nh7 20. 0-0 f5 21. Rfb1 Ng5 22. Rb7 Rxb7 23. Rxb7 f4 24. exf4 Bxf4 25. Nf1 Nxh3+ 26. gxh3 Qg5+ 27. Kh1 Bh2 28. Bg4 hxg4 29. Kxh2 gxh3 30. Ng3 Nf6 31. Be1 Ng4+ 32. Kh1 Nh6 33. Rb3 a4 34. Rc3 Nf5 35. Qd1 Rf6 36. Bd2 Qg6 37. Bf4 Nh4 38. Be3 Nf5 39. Qg1 Nh4 40. Rc1 Qg4 41. Qd1 Rf3 42. Qg1 Rf8 43. Qd1 Rf3 44. Kh2 Kh7 45. Rb1 Ng2 46. Bc1 Nh4 47. Be3 Ng2 48. Bc1 Qg6 49. Qe2 Qg4 50. Qd1 1/2-1/2

[Event "HUN-chT2 Toth 1819"]
[Site "Hungary"]
[Date "2019.03.10"]
[Round "9.5"]
[White "Csikos, Mihaly"]
[Black "Somogyi, Gabor"]
[Result "1/2-1/2"]
[WhiteElo "2055"]
[BlackElo "1921"]
[PlyCount "36"]
[EventDate "2018.09.23"]
[EventType "team-tourn"]
[EventRounds "11"]
[EventCountry "HUN"]
[SourceTitle "EXT 2021"]
[Source "ChessBase"]
[SourceDate "2020.10.23"]
[SourceVersion "1"]
[SourceVersionDate "2020.10.23"]
[SourceQuality "1"]
[WhiteTeam "Mako Duocor II"]
[BlackTeam "Bekes"]
[WhiteTeamCountry "HUN"]
[BlackTeamCountry "HUN"]

1. e4 c6 2. Nc3 d5 3. Nf3 dxe4 4. Nxe4 Bf5 5. Ng3 Bg6 6. h4 h6 7. Ne5 Qd6 8. d4 Nd7 9. Nxg6 Qxg6 10. Bd3 Qe6+ 11. Be3 Ngf6 12. Qd2 Nb6 13. b3 Nfd5 14. Bf5 Qf6 15. c4 e6 16. cxd5 Nxd5 17. Qc2 exf5 18. Qxf5 Bb4+ 1/2-1/2

[Event "HUN-chT2 Toth 1819"]
[Site "Hungary"]
[Date "2019.02.24"]
[Round "8.4"]
[White "Banki H, Istvan"]
[Black "Somogyi, Gabor"]
[Result "1/2-1/2"]
[WhiteElo "2082"]
[BlackElo "1921"]
[PlyCount "41"]
[EventDate "2018.09.23"]
[EventType "team-tourn"]
[EventRounds "11"]
[EventCountry "HUN"]
[SourceTitle "EXT 2021"]
[Source "ChessBase"]
[SourceDate "2020.10.23"]
[SourceVersion "1"]
[SourceVersionDate "2020.10.23"]
[SourceQuality "1"]
[WhiteTeam "Oroshaza"]
[BlackTeam "Bekes"]
[WhiteTeamCountry "HUN"]
[BlackTeamCountry "HUN"]

1. e4 c6 2. d4 d5 3. Nc3 dxe4 4. Nxe4 Nf6 5. Nxf6+ exf6 6. Nf3 Bg4 7. Be2 Bd6 8. h3 Bh5 9. Be3 0-0 10. Qd2 Qc7 11. 0-0-0 a6 12. g4 Bg6 13. Nh4 c5 14. Nxg6 hxg6 15. dxc5 Bxc5 16. Bxc5 Qxc5 17. Bf3 Nc6 18. Bxc6 Qxc6 19. Qd5 Qb6 20. Qd4 Qa5 21. Qd5 1/2-1/2

[Event "HUN-chT2 Toth 1819"]
[Site "Hungary"]
[Date "2019.01.27"]
[Round "6.5"]
[White "Somogyi, Gabor"]
[Black "Tornyai, Jeno"]
[Result "0-1"]
[WhiteElo "1921"]
[BlackElo "1876"]
[PlyCount "120"]
[EventDate "2018.09.23"]
[EventType "team-tourn"]
[EventRounds "11"]
[EventCountry "HUN"]
[SourceTitle "EXT 2021"]
[Source "ChessBase"]
[SourceDate "2020.10.23"]
[SourceVersion "1"]
[SourceVersionDate "2020.10.23"]
[SourceQuality "1"]
[WhiteTeam "Bekes"]
[BlackTeam "Szeged Maroczy III"]
[WhiteTeamCountry "HUN"]
[BlackTeamCountry "HUN"]

1. d4 d5 2. Nf3 Nf6 3. Bf4 e6 4. e3 c5 5. c3 Nc6 6. Nbd2 Bd6 7. Bxd6 Qxd6 8. Bb5 0-0 9. 0-0 cxd4 10. cxd4 Bd7 11. a3 Rfc8 12. Qe2 a6 13. Bd3 Rc7 14. Rfc1 Rac8 15. Qd1 e5 16. Nxe5 Nxe5 17. dxe5 Qxe5 18. Rxc7 Rxc7 19. Rc1 Rc6 20. Rxc6 Bxc6 21. Qc2 d4 22. exd4 Qxd4 23. h3 Qd5 24. Nf3 g6 25. Qc4 Qxc4 26. Bxc4 Bxf3 27. gxf3 Nh5 28. Bd5 b6 29. b4 Nf4 30. Bb7 a5 31. bxa5 bxa5 32. Kh2 f6 33. Kg3 g5 34. h4 Kg7 35. hxg5 fxg5 36. Be4 h5 37. Bf5 Kf6 38. Bd7 Ke5 39. Be8 Kf5 40. Bd7+ Kf6 41. Be8 h4+ 42. Kh2 Ke5 43. Bc6 Kd4 44. Bd7 Kd3 45. Kg1 Ke2 46. Bg4 Ke1 47. Bf5 Ne2+ 48. Kg2 Nd4 49. Bg4 Nb5 50. a4 Nc3 51. Bd7 Ne2 52. Bb5 Nf4+ 53. Kg1 Nh3+ 54. Kg2 Nxf2 55. f4 g4 56. Bc6 Nd3 57. f5 Nf4+ 58. Kg1 Nh5 59. Bb7 Ke2 60. Bc8 Kf3 0-1

[Event "OP-2018-0-04563"]
[Site "LSS email"]
[Date "2018.04.05"]
[Round "?"]
[White "Guaimare Rodriguez, Carlos Luis"]
[Black "Somogyi, Gabor"]
[Result "0-1"]
[WhiteElo "890"]
[BlackElo "1926"]
[PlyCount "40"]
[EventDate "2018.03.27"]
[EventType "tourn (corr)"]
[EventRounds "4"]
[EventCountry "GER"]
[SourceTitle "Corr 2022"]
[Source "ChessBase"]
[SourceDate "2021.10.24"]
[SourceVersion "1"]
[SourceVersionDate "2021.10.24"]
[SourceQuality "1"]

1. Nf3 c5 2. c4 Nc6 3. g3 e6 4. Bg2 d5 5. cxd5 exd5 6. d4 Nf6 7. 0-0 Be7 8. Nc3 0-0 9. Bg5 cxd4 10. Nxd4 h6 11. Be3 Re8 12. Qb3 Na5 13. Qc2 Bg4 14. h3 Bh5 15. Rfd1 Rc8 16. Qa4 Nc4 17. Bc1 Bc5 18. Nxd5 Nxd5 19. Qxc4 Bxe2 20. Bxd5 Bxc4 0-1

[Event "CP-2017-P-00037"]
[Site "LSS email"]
[Date "2017.09.27"]
[Round "?"]
[White "Alexandre Bisquert, Francisco"]
[Black "Somogyi, Gabor"]
[Result "1-0"]
[WhiteElo "2032"]
[BlackElo "1938"]
[PlyCount "51"]
[EventDate "2017.10.01"]
[EventType "tourn (corr)"]
[EventRounds "6"]
[EventCountry "GER"]
[SourceTitle "Corr 2022"]
[Source "ChessBase"]
[SourceDate "2021.10.24"]
[SourceVersion "1"]
[SourceVersionDate "2021.10.24"]
[SourceQuality "1"]

1. e4 e5 2. Nf3 Nc6 3. Bb5 a6 4. Ba4 b5 5. Bb3 Nf6 6. 0-0 Bc5 7. c3 d6 8. a4 Rb8 9. d4 Bb6 10. axb5 axb5 11. Na3 exd4 12. cxd4 Bg4 13. Nxb5 0-0 14. Ba4 Bxf3 15. gxf3 Ne7 16. Nc3 Ng6 17. f4 c5 18. d5 Ra8 19. Kh1 Qe7 20. f5 Ne5 21. f4 Ned7 22. Qe2 Bc7 23. Bd2 Rfb8 24. Bb5 Ra5 25. Rfe1 Kh8 26. Rab1 1-0

[Event "OP-2017-0-04353"]
[Site "LSS email"]
[Date "2017.05.23"]
[Round "?"]
[White "Somogyi, Gabor"]
[Black "Gil, Maria"]
[Result "0-1"]
[WhiteElo "1980"]
[BlackElo "1912"]
[PlyCount "54"]
[EventDate "2017.05.14"]
[EventType "tourn (corr)"]
[EventRounds "4"]
[EventCountry "GER"]
[SourceTitle "Corr 2022"]
[Source "ChessBase"]
[SourceDate "2021.10.24"]
[SourceVersion "1"]
[SourceVersionDate "2021.10.24"]
[SourceQuality "1"]

1. e4 e5 2. Nf3 Nc6 3. Nc3 Nf6 4. Bb5 Nd4 5. Ba4 c6 6. d3 a5 7. Nxe5 d6 8. Nf3 Nxf3+ 9. Qxf3 Bg4 10. Qg3 b5 11. Nxb5 cxb5 12. Bxb5+ Bd7 13. Bc4 h5 14. h3 h4 15. Qg5 Rh5 16. Qe3 Be7 17. d4 d5 18. Be2 Rh6 19. e5 Ne4 20. Bd3 Bg5 21. f4 Be7 22. Bxe4 dxe4 23. d5 Qc8 24. d6 Bd8 25. Qe2 Rb8 26. a4 Rg6 27. Qh5 Bf5 0-1

[Event "OP-2017-0-04353"]
[Site "LSS email"]
[Date "2017.05.22"]
[Round "?"]
[White "Correa de Almeida, Claudio"]
[Black "Somogyi, Gabor"]
[Result "0-1"]
[WhiteElo "1552"]
[BlackElo "1980"]
[PlyCount "164"]
[EventDate "2017.05.14"]
[EventType "tourn (corr)"]
[EventRounds "4"]
[EventCountry "GER"]
[SourceTitle "Corr 2022"]
[Source "ChessBase"]
[SourceDate "2021.10.24"]
[SourceVersion "1"]
[SourceVersionDate "2021.10.24"]
[SourceQuality "1"]

1. Nf3 Nc6 2. d4 d5 3. c4 Nf6 4. cxd5 Qxd5 5. Nc3 Qa5 6. Bd2 Qf5 7. h3 a6 8. g4 Qd7 9. e4 Nxd4 10. g5 Nxf3+ 11. Qxf3 Ng8 12. Qg3 e6 13. Bg2 Bd6 14. e5 Bb4 15. Rd1 Ne7 16. 0-0 Bxc3 17. Bxc3 Nd5 18. f4 c6 19. Bd4 0-0 20. Bc5 Re8 21. h4 g6 22. Qf2 Qc7 23. h5 a5 24. Bd6 Qb6 25. Qxb6 Nxb6 26. hxg6 fxg6 27. Kf2 Nd5 28. Rh1 b6 29. Kg3 Ra7 30. Be4 Ba6 31. Rd2 Rf7 32. Rh4 Bb7 33. Rdh2 Rg7 34. Bd3 c5 35. R4h3 Nb4 36. Bb1 Bd5 37. a3 Nc6 38. Bd3 Na7 39. a4 Nc8 40. Bb8 Bb3 41. Bb5 Rd8 42. Kf2 c4 43. Ke1 Rd1+ 44. Ke2 Rb1 45. Kf3 Ne7 46. Rf2 Nd5 47. Bd6 Rf7 48. Rh4 c3 49. Be8 Rf5 50. bxc3 Nxc3 51. Rfh2 Rf1+ 52. Ke3 Nd5+ 53. Ke2 R1xf4 54. Bd7 Rf7 55. Bc6 Rf1 56. R4h3 Rc1 57. Bxd5 Bxd5 58. Rh4 Rb1 59. R2h3 Rb2+ 60. Kd3 Rg2 61. Rd4 Rxg5 62. Rxd5 exd5 63. e6 Ra7 64. Kd4 Ra8 65. Rb3 Re8 66. e7 Rf5 67. Rxb6 h5 68. Rb5 Kf7 69. Rxa5 h4 70. Rb5 g5 71. a5 g4 72. a6 g3 73. a7 g2 74. Bh2 Rf1 75. Rb2 g1R 76. Bxg1 Rxg1 77. Rf2+ Ke6 78. Ra2 Rgg8 79. Ra6+ Kxe7 80. Kxd5 h3 81. Ra2 Rh8 82. Rh2 Ra8 0-1

[Event "CP-2016-P-00040"]
[Site "LSS email"]
[Date "2016.09.27"]
[Round "?"]
[White "Ilyin, Igor"]
[Black "Somogyi, Gabor"]
[Result "1/2-1/2"]
[WhiteElo "2061"]
[BlackElo "1964"]
[PlyCount "138"]
[EventDate "2016.10.01"]
[EventType "tourn (corr)"]
[EventRounds "6"]
[EventCountry "GER"]
[SourceTitle "Corr 2022"]
[Source "ChessBase"]
[SourceDate "2021.10.24"]
[SourceVersion "1"]
[SourceVersionDate "2021.10.24"]
[SourceQuality "1"]

1. e4 e5 2. Nf3 Nc6 3. Bb5 a6 4. Ba4 Nf6 5. 0-0 Nxe4 6. d4 b5 7. Bb3 d5 8. dxe5 Be6 9. Nbd2 Nc5 10. c3 Be7 11. Bc2 d4 12. Nxd4 Nxd4 13. cxd4 Qxd4 14. Nf3 Qxd1 15. Rxd1 0-0 16. Bg5 Bxg5 17. Nxg5 h6 18. Bh7+ Kh8 19. Nxe6 Nxe6 20. Be4 Rad8 21. f3 c5 22. Kf2 g6 23. Ke3 Kg7 24. f4 Rd4 25. g3 Rfd8 26. Rxd4 Rxd4 27. Rc1 h5 28. b3 Rd8 29. Bb7 a5 30. Bg2 b4 31. Bh3 Rd5 32. Rc2 Kf8 33. Rd2 Nd4 34. Ke4 Rd8 35. Rd1 Ke7 36. Rc1 f5+ 37. exf6+ Kd6 38. Bg2 Rf8 39. Kd3 h4 40. Re1 Rxf6 41. Re5 hxg3 42. Rd5+ Ke7 43. hxg3 Nf5 44. g4 Nh4 45. Be4 Rxf4 46. Rxc5 Rxg4 47. Rxa5 Nf5 48. Ra4 Rg3+ 49. Kc2 Nd4+ 50. Kd2 Nxb3+ 51. axb3 Rxb3 52. Bxg6 Kd6 53. Bc2 Ra3 54. Rxb4 Rg3 55. Rb5 Ra3 56. Bd3 Ra1 57. Kc3 Ra7 58. Kd4 Rc7 59. Be4 Rg7 60. Rb6+ Ke7 61. Ke5 Rg3 62. Rb7+ Ke8 63. Ke6 Kd8 64. Kd6 Ke8 65. Bf5 Ra3 66. Rh7 Ra6+ 67. Ke5 Kd8 68. Rd7+ Ke8 69. Rg7 Rc6 1/2-1/2

[Event "CP-2016-P-00040"]
[Site "LSS email"]
[Date "2016.09.27"]
[Round "?"]
[White "Somogyi, Gabor"]
[Black "Bonthuys, Adrian"]
[Result "1-0"]
[WhiteElo "1964"]
[BlackElo "1749"]
[PlyCount "105"]
[EventDate "2016.10.01"]
[EventType "tourn (corr)"]
[EventRounds "6"]
[EventCountry "GER"]
[SourceTitle "Corr 2022"]
[Source "ChessBase"]
[SourceDate "2021.10.24"]
[SourceVersion "1"]
[SourceVersionDate "2021.10.24"]
[SourceQuality "1"]

1. c4 e5 2. Nc3 Nf6 3. g3 d5 4. cxd5 Nxd5 5. Bg2 Nb6 6. Nf3 Nc6 7. 0-0 Be7 8. d3 0-0 9. Be3 Be6 10. Rc1 Nd5 11. Nxd5 Bxd5 12. a3 Qd7 13. Qa4 Rfd8 14. Rfe1 a6 15. Nd2 f5 16. Bxd5+ Qxd5 17. Rc2 Rd7 18. Rec1 Rf8 19. Qb3 f4 20. Qxd5+ Rxd5 21. Bc5 Bxc5 22. Rxc5 Nd4 23. Kf1 c6 24. Rxd5 cxd5 25. Rc5 Rd8 26. Rc7 b6 27. Re7 Rc8 28. Rxe5 Rc1+ 29. Kg2 Rc2 30. Nf3 Nxe2 31. Ng5 g6 32. Rxd5 h6 33. Nf3 Rxb2 34. Rd6 Kh7 35. Ne5 g5 36. Rd7+ Kg8 37. Nf7 Rb3 38. Nxh6+ Kf8 39. h4 gxh4 40. gxh4 Rxa3 41. Kf3 Nc1 42. Ke4 Ke8 43. Rd6 b5 44. h5 Nb3 45. Ng4 Nc5+ 46. Kf5 Rxd3 47. Nf6+ Kf8 48. Rc6 Nb7 49. Rc8+ Nd8 50. h6 Ke7 51. Rc7+ Kf8 52. h7 Rh3 53. Kg6 1-0

[Event "BI-2016-F-0000"]
[Site "LSS email"]
[Date "2016.02.14"]
[Round "?"]
[White "Kurowski, Andrzej"]
[Black "Somogyi, Gabor"]
[Result "1-0"]
[WhiteElo "2018"]
[BlackElo "1965"]
[PlyCount "49"]
[EventDate "2016.02.20"]
[EventType "tourn (corr)"]
[EventRounds "10"]
[EventCountry "GER"]
[SourceTitle "Corr 2022"]
[Source "ChessBase"]
[SourceDate "2021.10.24"]
[SourceVersion "1"]
[SourceVersionDate "2021.10.24"]
[SourceQuality "1"]

1. d4 d5 2. Nf3 Nf6 3. c4 c6 4. Nc3 e6 5. Bg5 dxc4 6. e4 b5 7. e5 h6 8. Bh4 g5 9. Nxg5 hxg5 10. Bxg5 Nbd7 11. g3 Bb7 12. Bg2 Qb6 13. exf6 0-0-0 14. 0-0 Ne5 15. dxe5 Rxd1 16. Rfxd1 c5 17. Bf4 b4 18. Ne4 Bd5 19. Rd2 Qc6 20. Re1 Rg8 21. h4 Kb8 22. Rxd5 Qxd5 23. Nd6 Qd4 24. Nxf7 Qxb2 25. Ng5 1-0

[Event "BI-2016-F-0000"]
[Site "LSS email"]
[Date "2016.02.14"]
[Round "?"]
[White "Somogyi, Gabor"]
[Black "Elski, Marek"]
[Result "1/2-1/2"]
[WhiteElo "1965"]
[BlackElo "1818"]
[PlyCount "67"]
[EventDate "2016.02.20"]
[EventType "tourn (corr)"]
[EventRounds "10"]
[EventCountry "GER"]
[SourceTitle "Corr 2022"]
[Source "ChessBase"]
[SourceDate "2021.10.24"]
[SourceVersion "1"]
[SourceVersionDate "2021.10.24"]
[SourceQuality "1"]

1. e4 e5 2. Nf3 Nc6 3. Bb5 a6 4. Ba4 Nf6 5. 0-0 Be7 6. Re1 b5 7. Bb3 0-0 8. c3 d5 9. exd5 Nxd5 10. Nxe5 Nxe5 11. Rxe5 c6 12. d4 Bd6 13. Re1 Qh4 14. g3 Qh3 15. Be3 Be6 16. Nd2 Bg4 17. Qc2 Bf5 18. Qd1 Bg4 19. Qc2 Bf5 20. Qc1 Rae8 21. Bxd5 cxd5 22. Qd1 Bg4 23. Qb3 Qh5 24. a4 Be2 25. axb5 axb5 26. Ra7 h6 27. Qa2 Bd3 28. Qb3 Ra8 29. Qa2 Rad8 30. Qa6 Qf5 31. Qa2 Rfe8 32. Qb3 Bb8 33. Ra5 Rc8 34. Ra6 1/2-1/2

[Event "BI-2016-F-0000"]
[Site "LSS email"]
[Date "2016.02.14"]
[Round "?"]
[White "Somogyi, Gabor"]
[Black "Pely, Giora"]
[Result "1/2-1/2"]
[WhiteElo "1965"]
[BlackElo "2144"]
[PlyCount "59"]
[EventDate "2016.02.20"]
[EventType "tourn (corr)"]
[EventRounds "10"]
[EventCountry "GER"]
[SourceTitle "Corr 2022"]
[Source "ChessBase"]
[SourceDate "2021.10.24"]
[SourceVersion "1"]
[SourceVersionDate "2021.10.24"]
[SourceQuality "1"]

1. c4 c6 2. Nc3 d5 3. d4 Nf6 4. Nf3 e6 5. Bg5 h6 6. Bxf6 Qxf6 7. e3 Nd7 8. Bd3 dxc4 9. Bxc4 Be7 10. 0-0 0-0 11. Qc2 g6 12. a4 a5 13. Ne4 Qg7 14. Rad1 Rd8 15. Be2 Nb6 16. Rc1 Nd5 17. Qb3 Nb4 18. Ne5 Bd7 19. f4 Be8 20. Rf3 Rab8 21. Rg3 Kh8 22. Bc4 b5 23. Bxe6 bxa4 24. Qc4 Nd5 25. Bh3 Rxb2 26. Qxa4 Rb5 27. Qa1 Rb3 28. Qxa5 Rxe3 29. Rxe3 Nxe3 30. Qd2 1/2-1/2

[Event "CP-2015-Q-00010"]
[Site "LSS email"]
[Date "2015.12.02"]
[Round "?"]
[White "Pascual Perez, Norge"]
[Black "Somogyi, Gabor"]
[Result "1-0"]
[WhiteElo "2393"]
[BlackElo "1940"]
[PlyCount "127"]
[EventDate "2015.12.08"]
[EventType "tourn (corr)"]
[EventRounds "6"]
[EventCountry "GER"]
[SourceTitle "Corr 2022"]
[Source "ChessBase"]
[SourceDate "2021.10.24"]
[SourceVersion "1"]
[SourceVersionDate "2021.10.24"]
[SourceQuality "1"]

1. d4 d5 2. c4 c6 3. Nf3 Nf6 4. e3 Bg4 5. Qb3 Qb6 6. Nc3 e6 7. Nh4 Bh5 8. h3 Qxb3 9. axb3 Na6 10. g4 Nb4 11. Kd1 Bg6 12. Nxg6 hxg6 13. g5 Nd7 14. Bd2 Be7 15. Rg1 b6 16. Na2 Nxa2 17. Rxa2 Kd8 18. f4 Kc7 19. Ke2 a5 20. Bg2 f6 21. Rga1 Rab8 22. Be1 Bd6 23. Ra4 Be7 24. Kf3 Bd6 25. h4 Rbe8 26. Kg4 Ref8 27. Bd2 Re8 28. Kg3 Rh5 29. Bf3 fxg5 30. Bxh5 gxf4+ 31. exf4 gxh5 32. Kf3 Rf8 33. Rg1 Rf7 34. Rg5 dxc4 35. bxc4 c5 36. d5 exd5 37. cxd5 Be7 38. Rxh5 g6 39. d6+ Bxd6 40. Rd5 Kc6 41. Rg5 Nf8 42. Re4 Be7 43. Rg4 Bf6 44. b3 Kd7 45. Be1 Bd4 46. Rg5 Bf6 47. Rd5+ Kc6 48. Rd2 Ba1 49. Bf2 Bc3 50. Rd3 Bb4 51. Kg4 Rf6 52. Rde3 Bd2 53. Re2 Bc3 54. Rc4 Bb4 55. Rce4 Bc3 56. Rc2 Bb4 57. Bd4 Rf7 58. Bc3 Bxc3 59. Rxc3 Rf6 60. Rce3 b5 61. Re8 b4 62. R3e5 Nd7 63. R8e6+ Rxe6 64. Rxe6+ 1-0

[Event "CP-2015-Q-00010"]
[Site "LSS email"]
[Date "2015.12.02"]
[Round "?"]
[White "Somogyi, Gabor"]
[Black "Weiss, Lester"]
[Result "1-0"]
[WhiteElo "1940"]
[BlackElo "2055"]
[PlyCount "115"]
[EventDate "2015.12.08"]
[EventType "tourn (corr)"]
[EventRounds "6"]
[EventCountry "GER"]
[SourceTitle "Corr 2022"]
[Source "ChessBase"]
[SourceDate "2021.10.24"]
[SourceVersion "1"]
[SourceVersionDate "2021.10.24"]
[SourceQuality "1"]

1. e4 e5 2. Nf3 Nc6 3. Bb5 a6 4. Ba4 Nf6 5. 0-0 Be7 6. Re1 b5 7. Bb3 d6 8. c3 0-0 9. h3 Nb8 10. d4 Nbd7 11. Nbd2 Bb7 12. Bc2 Re8 13. Nf1 Bf8 14. Ng3 g6 15. a4 c5 16. d5 c4 17. Bg5 Be7 18. Qd2 Nc5 19. Bh6 Nfd7 20. Nh2 Nxa4 21. Bxa4 bxa4 22. Rxa4 a5 23. Ng4 Ba6 24. Ra3 Nc5 25. Be3 Nd3 26. Rea1 Bb5 27. b3 Qc7 28. bxc4 Bxc4 29. Bg5 Rec8 30. Nh6+ Kh8 31. Nxf7+ Kg7 32. Nh6 Rf8 33. Bxe7 Qxe7 34. Rxa5 Rxa5 35. Rxa5 Nf4 36. Ng4 Qc7 37. Ra1 h5 38. Ne3 Bd3 39. f3 h4 40. Nh1 Qxc3 41. Qxc3 Ne2+ 42. Kh2 Nxc3 43. Ra3 Rc8 44. Nf2 Be2 45. Ra7+ Kf8 46. Rh7 Kg8 47. Rxh4 Kg7 48. Rg4 Kf6 49. Rg3 Ba6 50. Neg4+ Kg7 51. Nxe5 dxe5 52. Rg5 Rb8 53. Rxe5 Rb2 54. Ng4 Bc8 55. Ne3 Kf8 56. Rg5 Rb6 57. Nc4 Ra6 58. Ne5 1-0